Statystyki dla Medaliści IMŚJ na żużlu w latach 2001-2020

Kliknij tutaj aby rozwiązać quiz!

Ogólne statystyki

  • Ten quiz został rozwiązany 32 razy
  • Średni wynik to 35 z 60

Statystyki odpowiedzi

RokMiastoZłoto% Poprawnych
Bartosz Smektała
85%
20183 rundyBartosz Smektała
80%
Bartosz Smektała
80%
Dominik Kubera
80%
20193 rundyMaksym Drabik
80%
Maksym Drabik
80%
Chris Holder
75%
Dominik Kubera
75%
20173 rundyMaksym Drabik
75%
Robert Lambert
75%
20153 rundyBartosz Zmarzlik
70%
Chris Holder
70%
2020PardubiceJaimon Lidsey
70%
Max Fricke
70%
20163 rundyMax Fricke
70%
Piotr Pawlicki
70%
Darcy Ward
65%
20103 rundyDarcy Ward
65%
2009GoricanDarcy Ward
65%
2001PeterboroughDawid Kujawa
65%
20114 rundyMaciej Janowski
65%
20133 rundyPatryk Dudek
65%
20143 rundyPiotr Pawlicki
65%
Fredrik Lindgren
60%
Jurica Pavlic
60%
Jurica Pavlic
60%
2006TerenzanoKarol Ząbik
60%
Lukas Dryml
60%
Maciej Janowski
60%
Matej Zagar
60%
Robert Lambert
60%
2004WrocławRobert Miśkowiak
60%
Antonio Lindbaeck
55%
2005Wiener NeustadtKrzysztof Kasprzak
55%
2002SlanyLukas Dryml
55%
Maciej Janowski
55%
Paweł Hlib
55%
Christian Hefenbrock
50%
2008PardubiceEmil Sayfutdinow
50%
2007Ostrów Wlkp.Emil Sayfutdinow
50%
2003KumlaJarosław Hampel
50%
Maksim Bogdanovs
50%
20127 rundMichael Jepsen Jensen
50%
Mikkel Michelsen
50%
Przemysław Pawlicki
50%
Rafał Szombierski
50%
Chris Harris
45%
Kacper Gomólski
45%
Kenneth Bjerre
45%
Krystian Pieszczek
45%
Krzysztof Kasprzak
45%
Tomas Suchanek
45%
Anders Thomsen
40%
Mikkel Bech
40%
Oleg Mihailov
40%
Rafał Okoniewski
40%
David Howe
35%
Kacper Gomólski
35%
Mikkel Michelsen
35%
Patrick Hougaard
30%

Rozkład punktacji

Percentyl według liczby udzielonych odpowiedzi

Procent ludzi z każdym wynikiem

Twoja historia wyników

Nie rozwiązałeś tego quizu